00283nam a2200133Ia 45000030006000000080041000060400015000471000021000622450018000832500010001012600009001115460012001200050017001320STCL150530s9999 xx 000 0 und d aSTCLcSTCL aAndrews Thazhath aLaw of Thomas aFirst c1987 aEnglish20220125165335.0